000 01091nam a2200265 i 4500
003 DO-SdBNP
005 20260415175501.0
007 ta
008 230626e1998 dr ad||| |||| 00| 0 spa d
040 _aDO-SdBNP
_bspa
_cBNPHU
_erda
041 _aspa
082 4 _a343.729304 R426r 1998
_bR426r
_222
110 1 _aRepública Dominicana
_9447
240 _a[Código Tributario]
245 1 0 _aRecopilación impositiva :
_bLey 11 - 92. código tributario. impuesto sobre la renta. reglamentos 139 -98 y 140 -98. ITBIS. impuesto selectivo al consumo. instructivos y anexos. 100 preguntas que hacen los contribuyentes /
_cpreparado bajo la supervisión de Remberto Diaz N.
264 1 _aSanto Domingo :
_bMetropolitana,
_c1998
300 _a401 páginas :
_bIlustraciones, gráficas ;
_c23 cm.
336 _atexto
_btxt
_2rdacontent
337 _asin mediación
_bn
_2rdamedia
338 _avolumen
_bnc
_2rdacarrier
590 _aInventariado 2023 / MF
650 0 _aImpuestos
_xLeyes y legislación
_zRepública Dominicana
_99338
700 1 _aDíaz Núñez, Remberto
_914514
942 _2ddc
_cLBS1
999 _c53963
_d53963